Collective bargaining (Record no. 28548)

MARC details
000 -LEADER
fixed length control field 00315nam a2200121Ia 4500
082 ## - DEWEY DECIMAL CLASSIFICATION NUMBER
Classification number 331.214.242
Item number JEN
100 ## - MAIN ENTRY--AUTHOR NAME
Personal name JENKINS, Clive
245 #0 - TITLE STATEMENT
Title Collective bargaining
260 ## - PUBLICATION, DISTRIBUTION, ETC. (IMPRINT)
Place of publication London
Name of publisher Routledge & Kegan Paul
Year of publication 1977
700 ## - ADDED ENTRY--PERSONAL NAME
Personal name SHERMAN, Barrie
942 ## - ADDED ENTRY ELEMENTS (KOHA)
Koha item type Books
Holdings
Withdrawn status Lost status Damaged status Not for loan Home library Current library Date acquired Full call number Accession Number Koha item type
        RRII Library RRII Library 16/12/2021 331.214.242 JEN 09146 Books